Učebnice AutoLISPu /

Na minha lista:
Detalhes bibliográficos
Autor principal: Hlavenka, Jiří (Author)
Formato: Livro
Idioma:tcheco
Publicado em: Brno : CCB, 1991
Tags: Adicionar Tag
Sem tags, seja o primeiro a adicionar uma tag!

MARC

LEADER 00000nam a22000003a 4500
001 stu32094
005 20150617225732.4
008 950320s1991----cs------------------cze-d
040 |a STU  |b slo 
041 0 |a cze 
044 |a cs 
080 |a 671.3.066 
100 1 |a Hlavenka, Jiří  |4 aut 
245 1 |a Učebnice AutoLISPu /  |c [aut.] Hlavenka,Jiří 
260 |a Brno :  |b CCB,  |c 1991 
300 |a 121 s 
996 |b J88414  |c J*88414  |l JJK14  |s P  |a 0  |w stu32094_0001 
996 |b J88602  |c J*88602  |l JJK5  |s P  |a 0  |w stu32094_0002